Представление документа в формате RUSMARC

Поле Инд. ПП Название Значение
Тип записи a
Библиографический уровень a
001 Контрольный номер 8d3d322de7f54dba9dc19ed986bca8e6
005 Дата корректировки 20190404133548.5
100 a Данные общей обработки 20190404 ||| 0rusy0189 ca
101 0_ a Язык текста rus
102 a Страна публикации RU
200 1_ f Первые сведения об ответственности А.Ю. Томилов
a Заглавие Защита прав другого лица в гражданском судопроизводстве: процессуально-правовой механизм
b Общее обозначение материала Текст
210 1_ d Дата издания 2019
461 _0 1 2000
a Арбитражный и гражданский процесс
463 _0 1 2000
a № 3
v С. 15-20
1 2101
d 2019
1 0011daabc64a5b44d6092378da43232566e
606 a Основная рубрика Гражданское процессуальное право
610 0_ a Ключевые слова РГУП
a Ключевые слова ГРАЖДАНСКИЙ ПРОЦЕСС
a Ключевые слова УЧАСТНИКИ ПРОЦЕССА
a Ключевые слова ПРЕДСТАВИТЕЛЬСТВО
a Ключевые слова ЗАЩИТА ПРАВ И СВОБОД
700 _1 a Фамилия Томилов
b Имя А.Ю.
801 _0 a Страна RU
b Организация РГУП
c Дата составления 20190404
g Правила каталогизации PSBO
801 _1 a Страна RU
b Организация РГУП
c Дата составления 20190404
g Правила каталогизации PSBO
901 t Тип документа b
w Контрольный № источника 1daabc64a5b44d6092378da43232566e
905 a Дата ввода 20190404